000
00312nam a2200133Ia 4500
008
151001s9999||||xx |||||||||||||| ||und||
100
_a
अरुण शेवते
245
_a
ऋतुरंग
250
_a
1
260
_b
सुरेश
260
_c
1992
300
_a
112
365
_b
21
999
_c
971905
_d
971902